000
00284nam a22001337a 4500
008
181024b xxu||||| |||| 00| 0 eng d
020
_a
9780321813800
041
_a
eng
080
_a
541
100
_a
11
101
_a
BIO
245
_a
Biology In Focus
_c
Cain.U
942
_2
udc
_c
BK
999
_c
50790
_d
50790